That Awkward Moment When... (TV) Quiz Stats

 Plays Quiz Updated Oct 17, 2018

Challenge
Share
Tweet
Embed
Score 0/20 Timer 07:00
1 Play Today
% Correct
The Walking Dead
91.1%
True Blood
87.3%
How I Met Your Mother
85.9%
Lost
85%
Seinfeld
80.9%
Battlestar Galactica
78.4%
Spartacus
75.6%
Glee
74.4%
The Big Bang Theory
72.4%
Dragon Ball Z
65.6%
% Correct
Downton Abbey
63.8%
Heroes
60.8%
Game of Thrones
57.5%
I Love Lucy
55.3%
Arrested Development
53%
Weeds
50.9%
Dexter
50.6%
Psych
44.3%
Mad Men
42.3%
The Sopranos
34.5%

You're not logged in!

Compare scores with friends on all Sporcle quizzes.
OR
Log In

You Might Also Like...

Show Comments

Extras

Top Quizzes Today


Score Distribution

Your Account Isn't Verified!

In order to create a playlist on Sporcle, you need to verify the email address you used during registration. Go to your Sporcle Settings to finish the process.

Report this User

Report this user for behavior that violates our Community Guidelines.

Details: